| 000 | 01390cas a22003371 4500 | ||
|---|---|---|---|
| 001 | 11143811 | ||
| 003 | BD-DhUL | ||
| 005 | 20161107143125.0 | ||
| 008 | 741205s1960 enk|| | 0 1eng | ||
| 035 | _a(OCoLC)ocm01782419 | ||
| 040 |
_aDLC _beng _cDLC _dOCL _dOCLCQ _dNLM _dNLGGC _dOCLCO _dOCLCQ _dOCLCF _dOCLCQ _dBD-DhUL |
||
| 042 | _apcc | ||
| 043 | _ae-uk--- | ||
| 082 | 0 | 4 |
_a020.6 _bLIP |
| 110 | 2 | _aLibrary Association. | |
| 245 | 1 | 0 |
_aProceedings, papers and summaries of discussions at the ... conference : _b13th to 16th September, 1960 / _cLibrary Association. |
| 260 |
_aLondon : _bLibrary Association, _c1960. |
||
| 300 |
_a79 p. ; _c25 cm |
||
| 336 |
_atext _btxt _2rdacontent |
||
| 337 |
_aunmediated _bn _2rdamedia |
||
| 650 | 0 |
_aLibraries _zGreat Britain. |
|
| 650 | 2 | _aLibrary Associations. | |
| 650 | 7 |
_aLibraries. _2fast _0(OCoLC)fst00997341 |
|
| 651 | 7 |
_aGreat Britain. _2fast _0(OCoLC)fst01204623 |
|
| 651 | 7 |
_aVerenigd Koninkrijk van Groot-Brittanniƫ en Noord-Ierland. _2gtt |
|
| 710 | 2 | 2 |
_aLibrary Association. _tPapers and summaries of discussions at the ... conference. |
| 710 | 2 |
_aLibrary Association. _tProceedings of the annual conference. |
|
| 776 | 0 | 8 |
_iOnline version: _aLibrary Association. _tProceedings, papers and summaries of discussions at the ... conference _w(OCoLC)643953473 |
| 906 |
_a7 _bcbc _cserials _du _encip _f19 _gn-oclcserc |
||
| 942 |
_2ddc _cBK |
||
| 999 |
_c120474 _d120474 |
||